The sea wolf / (Record no. 709)

MARC details
000 -LEADER
fixed length control field 01467cam a22002413a 4500
005 - DATE AND TIME OF LATEST TRANSACTION
control field 20231206122411.0
020 ## - INTERNATIONAL STANDARD BOOK NUMBER
International Standard Book Number 076783002500
040 ## - CATALOGING SOURCE
Original cataloging agency MBE
Transcribing agency MBE
Modifying agency UKM
-- OCLCQ
-- DLC
Language of cataloging eng
050 00 - LIBRARY OF CONGRESS CALL NUMBER
Classification number PS3523.O46
082 04 - DEWEY DECIMAL CLASSIFICATION NUMBER
Classification number 823.91
Edition number 18
100 1# - MAIN ENTRY--PERSONAL NAME
Personal name London, Jack,
Dates associated with a name 1876-1916.
245 14 - TITLE STATEMENT
Title The sea wolf /
Statement of responsibility, etc. by Jack London ; with an introduction by Lewis Gannett.
250 ## - EDITION STATEMENT
Edition statement Bantam classic ed.
260 ## - PUBLICATION, DISTRIBUTION, ETC.
Place of publication, distribution, etc. New York :
Name of publisher, distributor, etc. Bantam Books,
Date of publication, distribution, etc. 1960.
300 ## - PHYSICAL DESCRIPTION
Extent 252 pages. ;
Dimensions 18 cm.
505 ## - FORMATTED CONTENTS NOTE
Formatted contents note U
520 ## - SUMMARY, ETC.
Summary, etc. A thrilling epic of a sea voyage and a complex novel of ideas, The Sea-Wolf is a standard-bearer of its genre. It is the vivid story of a gentleman scholar, Humphrey Van Weyden, who is rescued by a seal-hunting schooner after a ferryboat accident in San Francisco Bay. London uses Van Weyden's ordeal at the hands of a schooner's devious crew to explore powerful themes of ambition, courage, and the innate will to survive. The Sea-Wolf also introduces Jack London's most memorable, fully realized character, Wolf Larsen, the schooner's brutal captain, who ruthlessly crushes anyone standing in his way. As Gary Kinder states in his Introduction, " Wolf Larsen is one of the most carefully carved characters in American literature....London, himself, seems as fascinated as the reader with his own creation."
521 ## - TARGET AUDIENCE NOTE
Target audience note 1020 <br/>
Source Lexile
521 ## - TARGET AUDIENCE NOTE
Target audience note U <br/>
Source Raz-Plus
906 ## - LOCAL DATA ELEMENT F, LDF (RLIN)
a 7
b cbc
c copycat
d 2
e ncip
f 19
g y-genrareb
942 ## - ADDED ENTRY ELEMENTS (KOHA)
Source of classification or shelving scheme Dewey Decimal Classification
Koha item type Books
Suppress in OPAC No
999 ## -
-- 709
-- 709
Holdings
Withdrawn status Lost status Source of classification or shelving scheme Damaged status Not for loan Collection Home library Current library Shelving location Date acquired Total Checkouts Full call number Barcode Date last seen Price effective from Koha item type
    Dewey Decimal Classification     Fiction Footprints International School Library Network Toul Kork Campus Footprints International School Library Network Toul Kork Campus   07/03/2023   LON Fic PS3523.O46 FISSE01051 07/03/2023 07/03/2023 Books